| 000 | 00452cam a2200157 a 4500 | ||
|---|---|---|---|
| 020 | _a1555876870 (hc. : alk. paper) | ||
| 020 | _a1555876862 (pbk. : alk. paper) | ||
| 040 | _cDLC | ||
| 082 | 0 | 0 | _a951 LYN 1999 A100 Or. |
| 245 | 0 | 0 | _aUnderstanding contemporary China / |
| 260 |
_aBoulder : _bLynne Rienner Publishers, _c1999. |
||
| 300 |
_axvi, 416 p. : _bill., maps ; _c24 cm. |
||
| 490 | 1 | _aUnderstanding | |
| 700 | 1 | _aGamer, Robert E., | |
| 942 | _cEK | ||
| 999 |
_c11801 _d11801 |
||